00686nam a2200181 a 450000100100000000300100001000500170002000800410003704000220007810000210010024501130012126000330023430000280026750001190029570000280041470000170044271000450045900004433500004433520180226101920.0140617s199? dr a 000 0 spa d aBPMETbspacBPMET1 aRosa, Alma de la10aCurso de física básica conceptos y aplicaciones /cAlma de la Rosa, Clara Elena Florezán, Ondina Moya. aSanto Domingo :bUASD,c199? a210 p. :bil. ;c27 cm. aPara uso de los estudiantes de física básica, del ciclo básico de la Universidad Autónoma de Santo Domingo1 aFlorezán, Clara Elena1 aMoya, Ondina 4Universidad Autónoma de Santo Domingo